书目信息 |
| 题名: |
尔雅文词的渊海
|
|
| 作者: | 徐莉莉 , 詹勤鑫 编著 | |
| 分册: | ||
| 出版信息: | 上海 上海古籍出版社 1997.08 |
|
| 页数: | 322页 | |
| 开本: | 32开 | |
| 丛书名: | ||
| 单 册: | ||
| 中图分类: | B222 | |
| 科图分类: | ||
| 主题词: | 先秦哲学 | |
| 电子资源: | ||
| ISBN: | 7-5325-2253-9 | |
| 000 | 00591nam0 2200205 45 | |
| 001 | 0012091679 | |
| 005 | 20001209165636.4 | |
| 010 | @a7-5325-2253-9@d14.90元 | |
| 100 | @a20001209d1997 km y0chiy0120 ea | |
| 101 | 0 | @achi |
| 105 | @a z 000yy | |
| 200 | 1 | @a尔雅文词的渊海@AEr Ya Wen Ci De Yuan Hai@f徐莉莉,詹勤鑫编著@FXu Li Li,Zhan Qin Xin Bian Zhu |
| 210 | @a上海@c上海古籍出版社@d1997.08 | |
| 215 | @a322页@d32开 | |
| 606 | 0 | @a先秦哲学 |
| 690 | @aB222@v3 | |
| 701 | 0 | @a徐莉莉@4编著 |
| 701 | 0 | @a詹勤鑫@4编著 |
| 801 | @aCN@bPftUser@c20001209 | |
| 905 | @b301662-664@dB222@eX453@f3 | |
| 尔雅文词的渊海/徐莉莉,詹勤鑫编著.-上海:上海古籍出版社,1997.08 |
| 322页;32开 |
| ISBN 7-5325-2253-9:14.90元 |
| ● |
| 相关链接 |
|
|
|
正题名:尔雅文词的渊海
索取号:B222/X453
 
预约/预借
| 序号 | 登录号 | 条形码 | 馆藏地/架位号 | 状态 | 备注 |
| 1 | 301662 | 203016627 | 社科库509/509社科库 10排1列1层/ [索取号:B222/X453] | 在馆 | |
| 2 | 301663 | 203016636 | 社科库509/509社科库 10排1列1层/ [索取号:B222/X453] | 在馆 | |
| 3 | 301664 | 203016645 | 社科库509/509社科库 10排1列1层/ [索取号:B222/X453] | 在馆 |